000 06289nam0a22006131 4500
001 v19\rc\1278735
005 20260407113019.0
035 _a(NLR Aleph) 004452501
090 _a4479795
_c4479795
100 _a20060306d1828 m y0rusy50 ca
101 0 _arus
102 _aRU
135 _acrcn 024anaba
140 _ay у ma zzy
200 1 _aОракул в новом роде, или Предсказания на 1828 год,
_eотносящияся к прекрасному полу, должностным людям, пожилым холостякам, молодым волокитам, охотникам до займов, романтическим поэтам, издателям журналов и альманахов, книгопродавцам, и проч. и проч.
_fИзд. Михаилом Бестужевым-Рюминым.
210 _aСанктпетербург
_cв типографии Медицинскаго департамента Министерства внутренних дел
_d1828
215 _a44 с.
_d16º
300 _aЦенз.: В.Н. Семенов, 24 янв. 1828 г.
300 _aНа с.16: "Вместе с сим я сообщаю составленныя некоторыми оракулами предсказания для 1928 года: из них может быть найдутся такия, исполнение которых желательно будет иметь и в 1828 году".
300 _aНа с.3 посвящ. авт.: "Посвящается любителям истины".
300 _aНа 2-й - 4-й с. обл. изд. объявл. о выходе 1-й и 2-й книг альманаха "Сириус" за 1828 г.
300 _aНа 4-й с. обл. книгопродавч. объявл.: "Книжка сия продается у всех известных книгопродавцев, в Москве и в С.П.бург. Цену экземпляру два рубли. Иногородные прилагают за один фунт".
316 _aЭкз. РНБ (18.232.1.29) в изд. обл. На 1-й и 2-й с. обл. ярлык с шифром РНБ. На 1-й с. обл. рукоп. помета, заклеена ярлыком (нечитаема). На 3-й с. обл. технич. штамп. На тит. л. штамп ИБ в венке с короной. На тит.л. и с.33, 44 круглый штамп ГПБ. Книж. блок не обрезан. Имеются разводы. Неверно пронумерованы: с. 30 и 31. Паг. экз.: 29, 31, 30, 44 с. Размер: 15,5х12,7х0,5 см.
_5NLR: 18.232.1.29
325 _aКопия доступна в Электрон. б-ке РНБ
327 0 _aИз содерж: Письмо к К.Н.А.Г. : о предсказаниях, сделанных на 1827 год одним из издателей Северной пчелы (г. Б-мъ) (С.5-16);
_aПредсказания на 1928 год (С.17-44)
464 0 _12001#$aПредсказания на 1928 год.
_1215##
_1300##$aИмеется шмуцтит. с загл.: "Предсказания на 1828 год"
_1300##$aНа с.18 предисл. авт.
_15111#$aПредсказания на 1828 год$zrus$aс.17-44
_tПредсказания на 1928 год.
464 0 _12001#$aПисьмо к К.Н.А.Г.$eо предсказаниях, сделанных на 1827 год одним из издателей Северной пчелы (г. Б-мъ)
_1215##$aс.5-16
_17020#$aК.М.А.Г.$4280
_tПисьмо к К.Н.А.Г.
517 0 _aПредсказания на 1828 год, относящиеся к прекрасному полу, должностным людям, пожилым холостякам, молодым волокитам, охотникам до займов, романтическим поэтам, издателям журналов и альманахов, книгопродавцам и проч. и проч.
532 1 1 _aОракул в новом роде, или Предсказания на тысяча восемьсот двадцать восьмой год, относящиеся к прекрасному полу, должностным людям, пожилым холостякам, молодым волокитам, охотникам до займов, романтическим поэтам, издателям журналов и альманахов, книгопродавцам и проч. и проч.
620 _dСанкт-Петербург
700 1 _8rus
_7ca
_aБестужев-Рюмин
_bМ. А.
_f1798-1832
_gМихаил Алексеевич
_3RU\NLR\AUTH\7784926
_967854
702 1 _aСеменов
_bВ.Н.
_f1801-1863
_gВасилий Николаевич
_4190
702 1 _4072
_8rus
_7ca
_aБулгарин
_bФ. В.
_f1789-1859
_gФаддей Венедиктович
_3RU\NLR\AUTH\778720
_9118612
712 0 1 _4610
_aРоссия
_bМинистерство внутренних дел
_bМедицинская типография
_3RU\NLR\AUTH\889942197
_9379251
790 1 _6z01702
_aБ-м
801 0 _aRU
_bNLR
_gpsbo
801 0 _aRU
_bRuMoRGB
_2psbo
801 1 _aRU
_bProSoft-M
_2rusmarc
852 _aNLR
_j18.232.1.29
856 0 _uhttps://vivaldi.nlr.ru/bx000028182/view
856 1 _uhttps://vivaldi.nlr.ru/bx000028182/cover
856 2 _uhttps://vivaldi.nlr.ru/bx000028182/text
899 _aRuMoRGB
_jФ 7-79/52
899 _aНБ СПбГУ
899 _aГПИБ
942 _cBOOK
980 _aNB
981 2 2 _a(22) Материалы по истории России
_b(22) Культура. Наука. Просвещение.
981 2 2 _a(22) Материалы по истории России
_b(22) История России до 25 октября (7 ноября) 1917 года
981 2 0 _a(20) Книжные памятники РНБ
_b(20) Русский книжный фонд